<?xml version="1.0" encoding="UTF-8"?><?xml-stylesheet type="text/xsl" href="static/style.xsl"?><OAI-PMH xmlns="http://www.openarchives.org/OAI/2.0/" xmlns:xsi="http://www.w3.org/2001/XMLSchema-instance" xsi:schemaLocation="http://www.openarchives.org/OAI/2.0/ http://www.openarchives.org/OAI/2.0/OAI-PMH.xsd"><responseDate>2026-04-14T03:44:50Z</responseDate><request verb="GetRecord" identifier="oai:www.recercat.cat:20.500.12327/3222" metadataPrefix="marc">https://recercat.cat/oai/request</request><GetRecord><record><header><identifier>oai:recercat.cat:20.500.12327/3222</identifier><datestamp>2025-10-22T11:08:01Z</datestamp><setSpec>com_2072_4428</setSpec><setSpec>com_2072_4427</setSpec><setSpec>col_2072_487898</setSpec></header><metadata><record xmlns="http://www.loc.gov/MARC21/slim" xmlns:dcterms="http://purl.org/dc/terms/" xmlns:xsi="http://www.w3.org/2001/XMLSchema-instance" xmlns:doc="http://www.lyncode.com/xoai" xsi:schemaLocation="http://www.loc.gov/MARC21/slim http://www.loc.gov/standards/marcxml/schema/MARC21slim.xsd">
   <leader>00925njm 22002777a 4500</leader>
   <datafield ind2=" " ind1=" " tag="042">
      <subfield code="a">dc</subfield>
   </datafield>
   <datafield ind2=" " ind1=" " tag="720">
      <subfield code="a">Ribas-Agustí, Albert</subfield>
      <subfield code="e">author</subfield>
   </datafield>
   <datafield ind2=" " ind1=" " tag="720">
      <subfield code="a">Gratacós-Cubarsí, Marta</subfield>
      <subfield code="e">author</subfield>
   </datafield>
   <datafield ind2=" " ind1=" " tag="720">
      <subfield code="a">Sárraga, Carmen</subfield>
      <subfield code="e">author</subfield>
   </datafield>
   <datafield ind2=" " ind1=" " tag="720">
      <subfield code="a">Guàrdia, M. Dolors</subfield>
      <subfield code="e">author</subfield>
   </datafield>
   <datafield ind2=" " ind1=" " tag="720">
      <subfield code="a">Garcia-Regueiro, Jose A</subfield>
      <subfield code="e">author</subfield>
   </datafield>
   <datafield ind2=" " ind1=" " tag="720">
      <subfield code="a">Castellari, Massimo</subfield>
      <subfield code="e">author</subfield>
   </datafield>
   <datafield ind2=" " ind1=" " tag="260">
      <subfield code="c">2014-01-04</subfield>
   </datafield>
   <datafield ind2=" " ind1=" " tag="520">
      <subfield code="a">The level of eleven target phenolic compounds was evaluated in dry fermented sausages added with&#xd;
vegetable extracts. Grape seed (GSE1 and GSE2) and cocoa extracts, rich in phenolic compounds, were&#xd;
added in the formulation of dry fermented sausages (“salchichón” and “fuet”). Evolution of the major&#xd;
monomeric and oligomeric phenolic compounds of these extracts was evaluated during sausage shelf life&#xd;
by UHPLC-MS/MS. Kind of sausage did not affect significantly overall stability of the target compounds.&#xd;
At the end of the ageing process, catechin and epicatechin were at 54e61%, gallic acid and galloylated&#xd;
flavan-3-ols at 59e91%, oligomeric flavan-3-ols at 72e95% and glycosylated flavonols at 56e88% (in&#xd;
cocoa treatment) and 82e94% (in GSE treatment) of the contents that were added to the meat batter. All&#xd;
phenolic compounds levels did not decrease further significantly after ageing until the end of shelf life.&#xd;
Sensory analyses showed no important differences between control and cocoa added products, while&#xd;
grape seed addition gave these products abnormal sensory profiles. The 0.5% (w/w) addition of vegetal&#xd;
extracts was suitable to enrich dry fermented sausages with health-beneficial polyphenols.</subfield>
   </datafield>
   <datafield ind1="8" ind2=" " tag="024">
      <subfield code="a">Ribas-Agustí, Albert, Marta Gratacós-Cubarsí, Carmen Sárraga, M. Dolors Guàrdia, José-Antonio García-Regueiro, and Massimo Castellari. 2014. "Stability Of Phenolic Compounds In Dry Fermented Sausages Added With Cocoa And Grape Seed Extracts". LWT - Food Science And Technology 57 (1): 329-336. doi:10.1016/j.lwt.2013.12.046.</subfield>
   </datafield>
   <datafield ind1="8" ind2=" " tag="024">
      <subfield code="a">0023-6438</subfield>
   </datafield>
   <datafield ind1="8" ind2=" " tag="024">
      <subfield code="a">http://hdl.handle.net/20.500.12327/3222</subfield>
   </datafield>
   <datafield ind1="8" ind2=" " tag="024">
      <subfield code="a">https://doi.org/10.1016/j.lwt.2013.12.046</subfield>
   </datafield>
   <datafield ind2="0" ind1="0" tag="245">
      <subfield code="a">Stability of phenolic compounds in dry fermented sausages added with cocoa and grape seed extracts</subfield>
   </datafield>
</record></metadata></record></GetRecord></OAI-PMH>